Matemáticas. Grado Elemental (1º).

Gespeichert in:
Bibliographische Detailangaben
Format: keine Angabe
Sprache:Spanisch
Erschienen: Madrid Bruño
Katalog:MANES:  Suchergebnis im Bibliothekskatalog
Schulbuchspezifische Eigenschaften:
Tags: Tag hinzufügen
Keine Tags, Fügen Sie den ersten Tag hinzu!
Hinzugefügt zu:26.04.2016
Geändert in:07.05.2025

MARC

LEADER 000000000a22000000004500
001 09547
003 OSt
005 20250507134316.0
008 160427s sp ||||| |||| 00| 0 spa d
040 |c centro_manes 
041 1 |a spa 
561 |5 es-BUNED  |3 LT 0249  |a España. Fondo Manes UNED  |k MANES 
691 0 |a PRI 
245 0 0 |a Matemáticas. Grado Elemental (1º). 
260 3 |a Madrid  |b Bruño 
300 |a 108 p.  |c 23,4 x 16,5 cm 
500 |a nivel: Libro para el Grado Elemental.  |a Texto aprobado por el M.E.N. 
690 0 |a MATE 
942 |2 ddc  |c BK 
546 |a España 
999 |c 15521  |d 15521 
999 |c manes:15521  |d 15521